Novelas ejemplares / (Registro nro. 7885)

Detalles MARC
000 -LEADER
fixed length control field 00708nam a2200241 a 4500
001 - CONTROL NUMBER
control field 000036140
003 - CONTROL NUMBER IDENTIFIER
control field DO-SdBNP
005 - DATE AND TIME OF LATEST TRANSACTION
control field 20241106114633.0
007 - PHYSICAL DESCRIPTION FIXED FIELD--GENERAL INFORMATION
fixed length control field 000036140
008 - FIXED-LENGTH DATA ELEMENTS--GENERAL INFORMATION
fixed length control field 100301s 20uu dr 000 f spa d
040 ## - CATALOGING SOURCE
Original cataloging agency BPMSU
Language of cataloging spa
Transcribing agency BPMSU
082 #4 - DEWEY DECIMAL CLASSIFICATION NUMBER
Classification number 863.3
Item number C419n
Edition number 22
100 1# - MAIN ENTRY--PERSONAL NAME
Personal name Cervantes Saavedra, Miguel de,
Dates associated with a name 1547-1616.
9 (RLIN) 35
245 10 - TITLE STATEMENT
Title Novelas ejemplares /
Statement of responsibility, etc. Miguel de Cervantes Saavedra.
260 ## - PUBLICATION, DISTRIBUTION, ETC. (IMPRINT)
Place of publication, distribution, etc. Santo Domingo :
Name of publisher, distributor, etc. Editora Escolar Antillana,
Date of publication, distribution, etc. [200-?]
300 ## - PHYSICAL DESCRIPTION
Extent 457 p. ;
Dimensions 20 cm.
490 0# - SERIES STATEMENT
Series statement Obras maestras
500 ## - GENERAL NOTE
General note Edición con estudio preliminar
590 ## - LOCAL NOTE (RLIN)
Local note Inventariado, 2024/VM
650 #4 - SUBJECT ADDED ENTRY--TOPICAL TERM
Topical term or geographic name as entry element Novela española
650 #4 - SUBJECT ADDED ENTRY--TOPICAL TERM
Topical term or geographic name as entry element Literatura española
942 ## - ADDED ENTRY ELEMENTS (KOHA)
Source of classification or shelving scheme Dewey Decimal Classification
Koha item type Libros
Existencias
Withdrawn status Lost status Source of classification or shelving scheme Damaged status Not for loan Collection code Home library Current library Date acquired Source of acquisition Total Checkouts Full call number Barcode Date last seen Price effective from Koha item type
    Dewey Decimal Classification     Colección Dominicana Biblioteca Pública Metropolitana Salomé Ureña Biblioteca Pública Metropolitana Salomé Ureña 05/18/2015 FUNDI   BPMSU CD 863.3 C419n BPMSU15051752 05/18/2015 05/18/2015 Libros